[Event "EU YCH Team U12 girls"]
[Site "Thessaloniki"]
[Date "2022.07.16"]
[Round "5.1"]
[White "Siskou, Evangelia"]
[Black "Jayawarna, Thisumi"]
[Result "1/2-1/2"]
[WhiteElo "1329"]
[BlackElo "1369"]
[PlyCount "60"]
[EventDate "2022.07.12"]
[EventType "tourn"]
[EventRounds "7"]
[EventCountry "GRE"]
[SourceTitle "Youth Database"]
[Source "CBase R.Goldau"]
[SourceDate "2000.03.01"]
[SourceVersion "1"]
[SourceVersionDate "2022.07.18"]
[SourceQuality "1"]
[WhiteTeam "Griechenland"]
[BlackTeam "England"]
[WhiteTeamCountry "GRE"]
[BlackTeamCountry "ENG"]

1. e4 c5 2. Nf3 e6 3. g3 Nc6 4. Bg2 Nf6 5. Nc3 d6 6. O-O Be7 7. d4 cxd4 8. Nxd4
O-O 9. Nxc6 bxc6 10. e5 Nd5 11. exd6 Bxd6 12. Ne4 Be7 13. c4 Ba6 14. Qa4 Qc8
15. cxd5 cxd5 16. Re1 dxe4 17. Bf4 Bd3 18. Bxe4 Bxe4 19. Qxe4 Qa6 20. a3 Bf6
21. Be5 Bxe5 22. Qxe5 Rfd8 23. Red1 Qa4 24. Qe2 h6 25. Rd3 Kh7 26. Rad1 Rxd3
27. Qxd3+ Kg8 28. Rc1 Qa5 29. Qc3 Qd5 30. Qc6 Rd8 1/2-1/2

[Event "EU YCH Team U12 girls"]
[Site "Thessaloniki"]
[Date "2022.07.16"]
[Round "5.2"]
[White "Ashton, Alannah"]
[Black "Anemogianni, Savvina"]
[Result "1-0"]
[WhiteElo "1240"]
[BlackElo "1165"]
[PlyCount "55"]
[EventDate "2022.07.12"]
[EventType "tourn"]
[EventRounds "7"]
[EventCountry "GRE"]
[SourceTitle "Youth Database"]
[Source "CBase R.Goldau"]
[SourceDate "2000.03.01"]
[SourceVersion "1"]
[SourceVersionDate "2022.07.18"]
[SourceQuality "1"]
[WhiteTeam "England"]
[BlackTeam "Griechenland"]
[WhiteTeamCountry "ENG"]
[BlackTeamCountry "GRE"]

1. e4 c5 2. Nf3 d6 3. d4 cxd4 4. Nxd4 Nf6 5. Nc3 a6 6. Bc4 e6 7. Bb3 Be7 8. g4
h6 9. h4 Nc6 10. Be3 Nxd4 11. Bxd4 b5 12. Qe2 Bb7 13. f3 Rc8 14. O-O-O Qc7 15.
g5 e5 16. Bf2 Nh5 17. Qd2 Nf4 18. gxh6 gxh6 19. Be3 Ng6 20. h5 Nf4 21. Bxf4
exf4 22. Qd4 Rg8 23. Rhg1 Rxg1 24. Rxg1 Bg5 25. Qh8+ Kd7 26. Qg7 Kc6 27. Nd5
Qd7 28. Qc3# 1-0

[Event "EU YCH Team U12 girls"]
[Site "Thessaloniki"]
[Date "2022.07.16"]
[Round "5.1"]
[White "Shatil, Or"]
[Black "Aydogan, Arya"]
[Result "1-0"]
[WhiteElo "1856"]
[BlackElo "1460"]
[PlyCount "47"]
[EventDate "2022.07.12"]
[EventType "tourn"]
[EventRounds "7"]
[EventCountry "GRE"]
[SourceTitle "Youth Database"]
[Source "CBase R.Goldau"]
[SourceDate "2000.03.01"]
[SourceVersion "1"]
[SourceVersionDate "2022.07.18"]
[SourceQuality "1"]
[WhiteTeam "Israel"]
[BlackTeam "Türkei"]
[WhiteTeamCountry "ISR"]
[BlackTeamCountry "TUR"]

1. e4 e5 2. Nf3 Nc6 3. d4 exd4 4. Nxd4 Nf6 5. Nxc6 bxc6 6. e5 Qe7 7. Qe2 Nd5 8.
c4 Ba6 9. b3 Nb6 10. Ba3 Qe6 11. Bxf8 Kxf8 12. f4 f6 13. Qf2 fxe5 14. Be2 exf4
15. O-O Qf6 16. Nd2 g6 17. Ne4 Qf5 18. Qd4 Kf7 19. g4 c5 20. Nxc5 Qf6 21. Rxf4
Qxf4 22. Qxf4+ Kg7 23. Qe5+ Kh6 24. g5# 1-0

[Event "EU YCH Team U12 girls"]
[Site "Thessaloniki"]
[Date "2022.07.16"]
[Round "5.2"]
[White "Mutlu, Julide Aysu"]
[Black "Levitan, Liel"]
[Result "1-0"]
[WhiteElo "1228"]
[BlackElo "1473"]
[PlyCount "55"]
[EventDate "2022.07.12"]
[EventType "tourn"]
[EventRounds "7"]
[EventCountry "GRE"]
[SourceTitle "Youth Database"]
[Source "CBase R.Goldau"]
[SourceDate "2000.03.01"]
[SourceVersion "1"]
[SourceVersionDate "2022.07.18"]
[SourceQuality "1"]
[WhiteTeam "Türkei"]
[BlackTeam "Israel"]
[WhiteTeamCountry "TUR"]
[BlackTeamCountry "ISR"]

1. Nf3 d5 2. b3 Nf6 3. Bb2 e6 4. e3 Bd6 5. c4 O-O 6. Nc3 b6 7. d4 a6 8. Bd3 Bb7
9. O-O Ne4 10. Qc2 f5 11. Ne5 Nd7 12. Ne2 Bxe5 13. dxe5 Ndc5 14. Rfd1 Nxd3 15.
Rxd3 Qh4 16. Rf1 Qg5 17. Nf4 dxc4 18. Qxc4 Nc5 19. Rd4 Rad8 20. b4 Rxd4 21.
Bxd4 Na4 22. Qxe6+ Kh8 23. Qd7 b5 24. Qxc7 Bc8 25. Rc1 Qd8 26. e6 Rg8 27. Bxg7+
Rxg7 28. Qxd8+ 1-0

[Event "EU YCH Team U12 girls"]
[Site "Thessaloniki"]
[Date "2022.07.16"]
[Round "5.1"]
[White "Aldea, Maria-Antonia"]
[Black "Molnar, Dalma Reka"]
[Result "1/2-1/2"]
[WhiteElo "1655"]
[BlackElo "1521"]
[PlyCount "73"]
[EventDate "2022.07.12"]
[EventType "tourn"]
[EventRounds "7"]
[EventCountry "GRE"]
[SourceTitle "Youth Database"]
[Source "CBase R.Goldau"]
[SourceDate "2000.03.01"]
[SourceVersion "1"]
[SourceVersionDate "2022.07.18"]
[SourceQuality "1"]
[WhiteTeam "Rumänien"]
[BlackTeam "Ungarn"]
[WhiteTeamCountry "ROU"]
[BlackTeamCountry "HUN"]

1. d4 d5 2. Nf3 Nf6 3. g3 c6 4. Bg2 Bf5 5. O-O e6 6. b3 h6 7. Bb2 Nbd7 8. Nbd2
Bd6 9. c4 O-O 10. Rc1 Qe7 11. Ne5 Ba3 12. Bxa3 Qxa3 13. Nxd7 Nxd7 14. Ra1 Nb6
15. Qc1 Qxc1 16. Raxc1 Rfc8 17. e4 dxe4 18. Nxe4 Bxe4 19. Bxe4 Rd8 20. Rcd1 Rd7
21. Rd3 Rad8 22. Rfd1 f5 23. Bg2 e5 24. d5 e4 25. Rd4 cxd5 26. c5 Nc8 27. b4 a6
28. Bf1 Ne7 29. Bc4 Kf7 30. a3 g5 31. Bb3 Ke6 32. Ba4 Nc6 33. Bxc6 bxc6 34. Kf1
Ke5 35. Ke2 f4 36. g4 Rh8 37. Rxe4+ 1/2-1/2

[Event "EU YCH Team U12 girls"]
[Site "Thessaloniki"]
[Date "2022.07.16"]
[Round "5.2"]
[White "Biro, Beata"]
[Black "Sida, Flavia-Maria"]
[Result "1-0"]
[WhiteElo "1551"]
[BlackElo "1392"]
[PlyCount "51"]
[EventDate "2022.07.12"]
[EventType "tourn"]
[EventRounds "7"]
[EventCountry "GRE"]
[SourceTitle "Youth Database"]
[Source "CBase R.Goldau"]
[SourceDate "2000.03.01"]
[SourceVersion "1"]
[SourceVersionDate "2022.07.18"]
[SourceQuality "1"]
[WhiteTeam "Ungarn"]
[BlackTeam "Rumänien"]
[WhiteTeamCountry "HUN"]
[BlackTeamCountry "ROU"]

1. e4 c5 2. Nc3 g6 3. g3 Bg7 4. Bg2 d6 5. d3 Nf6 6. h3 Nbd7 7. Be3 Rb8 8. f4 b5
9. Nf3 b4 10. Ne2 Qc7 11. O-O e5 12. g4 O-O 13. Ng3 exf4 14. Bxf4 Ne5 15. Qd2
Rb6 16. Bh6 Nxf3+ 17. Rxf3 Bb7 18. Bxg7 Kxg7 19. Qg5 d5 20. e5 Ng8 21. Nh5+ Kh8
22. Nf6 Re6 23. Qh4 Nxf6 24. exf6 Qe5 25. Qh6 Rxf6 26. Qxf8# 1-0

[Event "EU YCH Team U12 girls"]
[Site "Thessaloniki"]
[Date "2022.07.17"]
[Round "6.1"]
[White "Jayawarna, Thisumi"]
[Black "Aldea, Maria-Antonia"]
[Result "1/2-1/2"]
[WhiteElo "1369"]
[BlackElo "1655"]
[PlyCount "63"]
[EventDate "2022.07.12"]
[EventType "tourn"]
[EventRounds "7"]
[EventCountry "GRE"]
[SourceTitle "Youth Database"]
[Source "CBase R.Goldau"]
[SourceDate "2000.03.01"]
[SourceVersion "1"]
[SourceVersionDate "2022.07.18"]
[SourceQuality "1"]
[WhiteTeam "England"]
[BlackTeam "Rumänien"]
[WhiteTeamCountry "ENG"]
[BlackTeamCountry "ROU"]

1. e4 c5 2. Nf3 e6 3. d4 cxd4 4. Nxd4 Nf6 5. Bd3 d6 6. c4 Nc6 7. Nf3 Be7 8. O-O
O-O 9. Nc3 a6 10. a3 Qc7 11. Qe2 b6 12. h3 Bb7 13. Be3 Nd7 14. Rac1 Bf6 15. Rc2
Rac8 16. Nd5 exd5 17. cxd5 Qb8 18. dxc6 Rxc6 19. Rxc6 Bxc6 20. Rc1 Qa8 21. Bd4
g6 22. Bxf6 Nxf6 23. Nd2 b5 24. f3 Re8 25. Qf2 Rc8 26. Nb3 Bd7 27. Rxc8+ Qxc8
28. Qb6 Ne8 29. Kh2 Qc6 30. Qd4 Be6 31. Na5 Qc5 32. Qxc5 1/2-1/2

[Event "EU YCH Team U12 girls"]
[Site "Thessaloniki"]
[Date "2022.07.17"]
[Round "6.2"]
[White "Badica, Ariana"]
[Black "Ashton, Alannah"]
[Result "1-0"]
[WhiteElo "1527"]
[BlackElo "1240"]
[PlyCount "61"]
[EventDate "2022.07.12"]
[EventType "tourn"]
[EventRounds "7"]
[EventCountry "GRE"]
[SourceTitle "Youth Database"]
[Source "CBase R.Goldau"]
[SourceDate "2000.03.01"]
[SourceVersion "1"]
[SourceVersionDate "2022.07.18"]
[SourceQuality "1"]
[WhiteTeam "Rumänien"]
[BlackTeam "England"]
[WhiteTeamCountry "ROU"]
[BlackTeamCountry "ENG"]

1. e4 c5 2. Nc3 Nc6 3. f4 g6 4. Nf3 Bg7 5. Bb5 Nd4 6. O-O Nxb5 7. Nxb5 d5 8. e5
a6 9. Na3 Bg4 10. d4 Bxf3 11. Rxf3 cxd4 12. Qxd4 Nh6 13. c3 O-O 14. Rh3 Nf5 15.
Qf2 e6 16. g4 Nh6 17. Qg3 Qb6+ 18. Kh1 f6 19. f5 g5 20. exf6 Rxf6 21. Bxg5 exf5
22. Bxf6 Qxf6 23. g5 f4 24. gxf6 fxg3 25. fxg7 Nf5 26. hxg3 Kxg7 27. Re1 h5 28.
Re5 Kf6 29. Rxd5 Re8 30. Nc4 b5 31. Rxf5+ 1-0

[Event "EU YCH Team U12 girls"]
[Site "Thessaloniki"]
[Date "2022.07.17"]
[Round "6.1"]
[White "Smietanska, Wiktoria"]
[Black "Siskou, Evangelia"]
[Result "1/2-1/2"]
[WhiteElo "1919"]
[BlackElo "1329"]
[PlyCount "113"]
[EventDate "2022.07.12"]
[EventType "tourn"]
[EventRounds "7"]
[EventCountry "GRE"]
[SourceTitle "Youth Database"]
[Source "CBase R.Goldau"]
[SourceDate "2000.03.01"]
[SourceVersion "1"]
[SourceVersionDate "2022.07.18"]
[SourceQuality "1"]
[WhiteTeam "Polen"]
[BlackTeam "Griechenland"]
[WhiteTeamCountry "POL"]
[BlackTeamCountry "GRE"]

1. e4 e5 2. Nf3 Nc6 3. Bb5 a6 4. Ba4 Nf6 5. O-O Nxe4 6. d4 b5 7. Bb3 d5 8. dxe5
Be6 9. Be3 Bc5 10. Qe2 O-O 11. c3 Bg4 12. Rd1 Bxe3 13. Qxe3 Bxf3 14. Rxd5 Qe7
15. Qxf3 Nc5 16. Bc2 Nxe5 17. Bxh7+ Kxh7 18. Qh5+ Kg8 19. Rxe5 Qxe5 20. Qxe5
Rae8 21. Qxe8 Rxe8 22. Na3 Re2 23. b4 Ne4 24. c4 c6 25. cxb5 cxb5 26. f3 Nc3
27. Kf1 Rb2 28. Rc1 Nxa2 29. Rc2 Rxc2 30. Nxc2 Nc3 31. Kf2 Nd5 32. g3 f5 33.
Ke2 Kf7 34. Kd3 Ke6 35. Kd4 Kd6 36. h4 Ne7 37. Ne3 Nc6+ 38. Kc3 g6 39. h5 gxh5
40. Nxf5+ Kd5 41. Ng7 Nd4 42. Nxh5 Nxf3 43. Nf6+ Kc6 44. Ne4 Ne5 45. Kd4 Ng4
46. Nc5 Kb6 47. Nd7+ Ka7 48. Ne5 Nf6 49. g4 Nxg4 50. Nxg4 a5 51. bxa5 Ka6 52.
Kc5 Kxa5 53. Ne3 b4 54. Nd5 b3 55. Nc3 b2 56. Kc4 b1=Q 57. Nxb1 1/2-1/2

[Event "EU YCH Team U12 girls"]
[Site "Thessaloniki"]
[Date "2022.07.17"]
[Round "6.2"]
[White "Anemogianni, Savvina"]
[Black "Nurkiewicz, Anna"]
[Result "1/2-1/2"]
[WhiteElo "1165"]
[BlackElo "1303"]
[PlyCount "86"]
[EventDate "2022.07.12"]
[EventType "tourn"]
[EventRounds "7"]
[EventCountry "GRE"]
[SourceTitle "Youth Database"]
[Source "CBase R.Goldau"]
[SourceDate "2000.03.01"]
[SourceVersion "1"]
[SourceVersionDate "2022.07.18"]
[SourceQuality "1"]
[WhiteTeam "Griechenland"]
[BlackTeam "Polen"]
[WhiteTeamCountry "GRE"]
[BlackTeamCountry "POL"]

1. e4 c5 2. Nf3 g6 3. c3 d5 4. exd5 Qxd5 5. d4 Bg4 6. Be2 cxd4 7. Qxd4 Qxd4 8.
cxd4 Nc6 9. h3 Bxf3 10. Bxf3 Nxd4 11. Bxb7 Rb8 12. Be4 Bg7 13. Nc3 Nf6 14. Bd3
O-O 15. O-O Nd7 16. Rb1 Ne5 17. Be4 e6 18. Bf4 f5 19. Bxe5 Bxe5 20. Bd3 Kf7 21.
Rfe1 Bf6 22. Bc4 Rfc8 23. Bd3 a5 24. Ne2 Rb4 25. Nxd4 Bxd4 26. b3 Kf6 27. Rbc1
Rc5 28. Rxc5 Bxc5 29. Rc1 Be7 30. Bc4 e5 31. Re1 Rb6 32. Rd1 Rd6 33. Rxd6+ Bxd6
34. Kf1 e4 35. Bg8 h6 36. Bc4 g5 37. Ke2 f4 38. Bd5 Ke5 39. Bc4 Bc5 40. Bf7 e3
41. f3 Ba3 42. Kd3 Kd6 43. Bc4 Kc5 1/2-1/2

[Event "EU YCH Team U12 girls"]
[Site "Thessaloniki"]
[Date "2022.07.17"]
[Round "6.1"]
[White "Molnar, Dalma Reka"]
[Black "Shatil, Or"]
[Result "0-1"]
[WhiteElo "1521"]
[BlackElo "1856"]
[PlyCount "60"]
[EventDate "2022.07.12"]
[EventType "tourn"]
[EventRounds "7"]
[EventCountry "GRE"]
[SourceTitle "Youth Database"]
[Source "CBase R.Goldau"]
[SourceDate "2000.03.01"]
[SourceVersion "1"]
[SourceVersionDate "2022.07.18"]
[SourceQuality "1"]
[WhiteTeam "Ungarn"]
[BlackTeam "Israel"]
[WhiteTeamCountry "HUN"]
[BlackTeamCountry "ISR"]

1. e4 c5 2. Nc3 g6 3. g3 Bg7 4. Bg2 Nc6 5. d3 Rb8 6. Be3 b5 7. Qd2 b4 8. Nd1 d6
9. h3 a5 10. Rc1 Bd7 11. c3 e5 12. Ne2 Qb6 13. b3 Nge7 14. c4 Nd4 15. Nxd4 cxd4
16. Bh6 O-O 17. Bxg7 Kxg7 18. O-O f5 19. Nb2 f4 20. Rfe1 f3 21. Bf1 h6 22. h4
Ng8 23. Kh2 Nf6 24. Bh3 Bxh3 25. Kxh3 Qc7 26. Rh1 Ng4 27. Rhe1 Qd7 28. Nd1
Nxf2+ 29. Kh2 Qh3+ 30. Kg1 Qg2# 0-1

[Event "EU YCH Team U12 girls"]
[Site "Thessaloniki"]
[Date "2022.07.17"]
[Round "6.2"]
[White "Levitan, Liel"]
[Black "Kiss, Inez"]
[Result "1-0"]
[WhiteElo "1473"]
[BlackElo "1397"]
[PlyCount "75"]
[EventDate "2022.07.12"]
[EventType "tourn"]
[EventRounds "7"]
[EventCountry "GRE"]
[SourceTitle "Youth Database"]
[Source "CBase R.Goldau"]
[SourceDate "2000.03.01"]
[SourceVersion "1"]
[SourceVersionDate "2022.07.18"]
[SourceQuality "1"]
[WhiteTeam "Israel"]
[BlackTeam "Ungarn"]
[WhiteTeamCountry "ISR"]
[BlackTeamCountry "HUN"]

1. e4 c6 2. d4 d5 3. exd5 cxd5 4. Bd3 Nc6 5. c3 Nf6 6. Bf4 Bg4 7. Qb3 Qd7 8.
Nd2 e6 9. Ngf3 Bxf3 10. Nxf3 Bd6 11. Bxd6 Qxd6 12. Qxb7 O-O 13. O-O Rab8 14.
Qa6 Rb6 15. Qa3 Qxa3 16. bxa3 Rc8 17. Rab1 Rxb1 18. Rxb1 Na5 19. Ne5 g6 20. Rc1
Nc4 21. Bxc4 dxc4 22. Rb1 Nd5 23. Rb5 Nxc3 24. Rc5 Rb8 25. g3 Ne2+ 26. Kg2 c3
27. Nd3 a6 28. Kf1 Rb2 29. Nxb2 cxb2 30. Rc8+ Kg7 31. Rb8 Nxd4 32. Rxb2 Nb5 33.
Rb3 Nd4 34. Rb6 a5 35. Ra6 Nb5 36. Rxa5 Nc3 37. Ke1 Nxa2 38. Kd2 1-0

[Event "EU YCH Team U12 girls"]
[Site "Thessaloniki"]
[Date "2022.07.18"]
[Round "7.1"]
[White "Shatil, Or"]
[Black "Jayawarna, Thisumi"]
[Result "1-0"]
[WhiteElo "1856"]
[BlackElo "1369"]
[PlyCount "55"]
[EventDate "2022.07.12"]
[EventType "tourn"]
[EventRounds "7"]
[EventCountry "GRE"]
[SourceTitle "Youth Database"]
[Source "CBase R.Goldau"]
[SourceDate "2000.03.01"]
[SourceVersion "1"]
[SourceVersionDate "2022.07.18"]
[SourceQuality "1"]
[WhiteTeam "Israel"]
[BlackTeam "England"]
[WhiteTeamCountry "ISR"]
[BlackTeamCountry "ENG"]

1. Nf3 Nf6 2. b3 d5 3. Bb2 e6 4. e3 Nbd7 5. c4 c6 6. Be2 Be7 7. O-O O-O 8. d4
c5 9. Nbd2 b6 10. Ne5 Bb7 11. Ndf3 Rc8 12. Bd3 cxd4 13. exd4 dxc4 14. bxc4 Nxe5
15. Nxe5 Bd6 16. f4 Nd7 17. Nxd7 Qxd7 18. Qh5 h6 19. Rae1 Rfd8 20. Re3 Bf8 21.
Rg3 Kh8 22. d5 f6 23. Qg6 f5 24. Qxh6+ Kg8 25. dxe6 Qe7 26. Bxf5 Qc5+ 27. Kh1
Bxg2+ 28. Rxg2 1-0

[Event "EU YCH Team U12 girls"]
[Site "Thessaloniki"]
[Date "2022.07.18"]
[Round "7.2"]
[White "Ashton, Alannah"]
[Black "Levitan, Liel"]
[Result "0-1"]
[WhiteElo "1240"]
[BlackElo "1473"]
[PlyCount "78"]
[EventDate "2022.07.12"]
[EventType "tourn"]
[EventRounds "7"]
[EventCountry "GRE"]
[SourceTitle "Youth Database"]
[Source "CBase R.Goldau"]
[SourceDate "2000.03.01"]
[SourceVersion "1"]
[SourceVersionDate "2022.07.18"]
[SourceQuality "1"]
[WhiteTeam "England"]
[BlackTeam "Israel"]
[WhiteTeamCountry "ENG"]
[BlackTeamCountry "ISR"]

1. e4 e5 2. Nf3 Nc6 3. Bb5 a6 4. Ba4 Nf6 5. O-O Nxe4 6. d4 b5 7. Bb3 d5 8. dxe5
Be6 9. Nbd2 Bc5 10. Qe2 Nxd2 11. Bxd2 O-O 12. h3 Re8 13. c3 Bf5 14. Rad1 Ne7
15. Bg5 c6 16. Nd4 Bxd4 17. cxd4 Qd7 18. Bc2 Bxc2 19. Qxc2 Nf5 20. Rd3 Rac8 21.
Qc5 h6 22. Bd2 Qe7 23. Bb4 Qc7 24. Ra3 Nxd4 25. Ba5 Qxe5 26. Re3 Qf6 27. Bc3
Ne6 28. Bxf6 Nxc5 29. Bd4 Rxe3 30. Bxe3 Nd3 31. b3 c5 32. Rd1 c4 33. bxc4 dxc4
34. Bc1 Nxc1 35. Rxc1 Rd8 36. Kf1 Rd2 37. a4 bxa4 38. Rxc4 a3 39. Rc1 a2 0-1

[Event "EU YCH Team U12 girls"]
[Site "Thessaloniki"]
[Date "2022.07.18"]
[Round "7.1"]
[White "Aldea, Maria-Antonia"]
[Black "Smietanska, Wiktoria"]
[Result "0-1"]
[WhiteElo "1655"]
[BlackElo "1919"]
[PlyCount "102"]
[EventDate "2022.07.12"]
[EventType "tourn"]
[EventRounds "7"]
[EventCountry "GRE"]
[SourceTitle "Youth Database"]
[Source "CBase R.Goldau"]
[SourceDate "2000.03.01"]
[SourceVersion "1"]
[SourceVersionDate "2022.07.18"]
[SourceQuality "1"]
[WhiteTeam "Rumänien"]
[BlackTeam "Polen"]
[WhiteTeamCountry "ROU"]
[BlackTeamCountry "POL"]

1. d4 d5 2. Nf3 Nf6 3. g3 Bf5 4. Bg2 e6 5. O-O c6 6. b3 Nbd7 7. Bb2 Be7 8. Nbd2
O-O 9. c4 h6 10. Rc1 a5 11. a3 Rc8 12. Re1 Ne4 13. e3 Ndf6 14. Nxe4 Nxe4 15.
Ne5 Bd6 16. f3 Nf6 17. e4 Bh7 18. Nd3 Nd7 19. c5 Be7 20. Qe2 Re8 21. Bh3 Bg5
22. Rcd1 b6 23. exd5 cxd5 24. b4 axb4 25. axb4 bxc5 26. bxc5 Qc7 27. Bc3 Bf6
28. f4 Ra8 29. Ne5 Ra3 30. Qb2 Ra7 31. Ra1 Rb7 32. Qd2 Nxe5 33. fxe5 Bg5 34.
Qd1 Reb8 35. Qa4 Rb3 36. Ba5 Qc8 37. Bb6 Be3+ 38. Kh1 Rd3 39. Red1 Bxd4 40.
Rxd3 Bxa1 41. Rd1 Bxe5 42. Bf1 Be4+ 43. Bg2 Bf5 44. Bf1 Ra8 45. Qb3 Qb7 46. Rc1
Bc7 47. Qb5 Rb8 48. Bxc7 Qxc7 49. Qa6 Qe5 50. Qa1 Rb2 51. Qa4 Qe3 0-1

[Event "EU YCH Team U12 girls"]
[Site "Thessaloniki"]
[Date "2022.07.18"]
[Round "7.2"]
[White "Nurkiewicz, Anna"]
[Black "Badica, Ariana"]
[Result "1/2-1/2"]
[WhiteElo "1303"]
[BlackElo "1527"]
[PlyCount "61"]
[EventDate "2022.07.12"]
[EventType "tourn"]
[EventRounds "7"]
[EventCountry "GRE"]
[SourceTitle "Youth Database"]
[Source "CBase R.Goldau"]
[SourceDate "2000.03.01"]
[SourceVersion "1"]
[SourceVersionDate "2022.07.18"]
[SourceQuality "1"]
[WhiteTeam "Polen"]
[BlackTeam "Rumänien"]
[WhiteTeamCountry "POL"]
[BlackTeamCountry "ROU"]

1. d4 d5 2. c4 e6 3. Nc3 Nf6 4. Nf3 b6 5. Bg5 Be7 6. e3 Nbd7 7. Rc1 O-O 8. cxd5
exd5 9. h3 Bb7 10. Bd3 c5 11. O-O h6 12. Bh4 Rc8 13. a4 Re8 14. Ra1 Ne4 15.
Bxe7 Qxe7 16. Qc2 Ndf6 17. a5 cxd4 18. Nxd4 Nxc3 19. bxc3 Ne4 20. Bxe4 dxe4 21.
axb6 axb6 22. Qb2 Qc5 23. Rfb1 Qxc3 24. Qxc3 Rxc3 25. Rxb6 Bd5 26. Rab1 Kh7 27.
Rb8 Rxb8 28. Rxb8 Rc1+ 29. Kh2 Rf1 30. Kg3 g5 31. Rd8 1/2-1/2

[Event "EU YCH Team U12 girls"]
[Site "Thessaloniki"]
[Date "2022.07.18"]
[Round "7.1"]
[White "Aydogan, Arya"]
[Black "Molnar, Dalma Reka"]
[Result "1/2-1/2"]
[WhiteElo "1460"]
[BlackElo "1521"]
[PlyCount "91"]
[EventDate "2022.07.12"]
[EventType "tourn"]
[EventRounds "7"]
[EventCountry "GRE"]
[SourceTitle "Youth Database"]
[Source "CBase R.Goldau"]
[SourceDate "2000.03.01"]
[SourceVersion "1"]
[SourceVersionDate "2022.07.18"]
[SourceQuality "1"]
[WhiteTeam "Türkei"]
[BlackTeam "Ungarn"]
[WhiteTeamCountry "TUR"]
[BlackTeamCountry "HUN"]

1. e4 c5 2. Nf3 g6 3. c3 Bg7 4. d4 cxd4 5. cxd4 d5 6. e5 Bg4 7. Bb5+ Nc6 8.
Bxc6+ bxc6 9. Nbd2 e6 10. Nb3 Ne7 11. h3 Bxf3 12. Qxf3 O-O 13. O-O Nc8 14. Nc5
Nb6 15. b3 Qc8 16. Bb2 Nd7 17. Rac1 Nxc5 18. Rxc5 Qa6 19. Qc3 Rac8 20. a3 Rc7
21. b4 Rb8 22. Rc1 Rb6 23. Ra5 Qb7 24. Qd3 a6 25. g3 Rb5 26. Rxb5 cxb5 27. Rc3
Rc4 28. Qd2 Qc7 29. Kg2 Rxc3 30. Qxc3 Qc4 31. Qxc4 dxc4 32. f4 Kf8 33. g4 Ke8
34. Kf3 Kd7 35. g5 Kc6 36. Ke4 Bf8 37. Bc3 Be7 38. Bd2 Bf8 39. Bc3 h6 40. h4 h5
41. Bd2 a5 42. Bc3 axb4 43. axb4 Be7 44. Bd2 Bd8 45. Bc3 Bc7 46. Bd2 1/2-1/2

[Event "EU YCH Team U12 girls"]
[Site "Thessaloniki"]
[Date "2022.07.18"]
[Round "7.2"]
[White "Biro, Beata"]
[Black "Mutlu, Julide Aysu"]
[Result "1-0"]
[WhiteElo "1551"]
[BlackElo "1228"]
[PlyCount "121"]
[EventDate "2022.07.12"]
[EventType "tourn"]
[EventRounds "7"]
[EventCountry "GRE"]
[SourceTitle "Youth Database"]
[Source "CBase R.Goldau"]
[SourceDate "2000.03.01"]
[SourceVersion "1"]
[SourceVersionDate "2022.07.18"]
[SourceQuality "1"]
[WhiteTeam "Ungarn"]
[BlackTeam "Türkei"]
[WhiteTeamCountry "HUN"]
[BlackTeamCountry "TUR"]

1. d4 Nf6 2. e3 g6 3. c3 Bg7 4. Bd3 d5 5. f4 c5 6. Nf3 Nc6 7. O-O O-O 8. Nbd2
cxd4 9. exd4 Qc7 10. Ne5 Nd7 11. Ndf3 f6 12. Nxc6 bxc6 13. f5 gxf5 14. Bxf5 Nb6
15. Bc2 e5 16. dxe5 fxe5 17. Ng5 Rxf1+ 18. Qxf1 e4 19. Bf4 Qe7 20. Re1 Bf5 21.
Qe2 h6 22. Nh3 Bxh3 23. gxh3 Qh4 24. Be3 Qxh3 25. Kh1 Rf8 26. Rg1 Qf3+ 27. Qxf3
Rxf3 28. Bxh6 Rf7 29. b3 Kh7 30. Bd2 Be5 31. a4 Rf3 32. c4 Bc3 33. Bc1 Rf2 34.
Rg2 Rf1+ 35. Rg1 Rxg1+ 36. Kxg1 Kg6 37. Kf2 Kf5 38. cxd5 cxd5 39. Kg3 d4 40.
Bd1 Nd5 41. Kf2 e3+ 42. Kf3 Be1 43. Bc2+ Ke5 44. Bd3 Bf2 45. Be2 Nf4 46. Bc4
Ng6 47. b4 Nh4+ 48. Ke2 Ng2 49. b5 Bh4 50. a5 Kd6 51. Ba3+ Kc7 52. Bc5 Be1 53.
b6+ axb6 54. axb6+ Kb8 55. Kf1 d3 56. Bxd3 Nf4 57. Bd6+ Kb7 58. Bxf4 Bd2 59.
Bc7 Bc1 60. Be4+ Kc8 61. Be5 1-0

[Event "EU YCH Team U18 boys"]
[Site "Thessaloniki"]
[Date "2022.07.12"]
[Round "1.1"]
[White "Yaniv, Yuval"]
[Black "Magalakis, Stefanos"]
[Result "1-0"]
[WhiteElo "2305"]
[BlackElo "2181"]
[PlyCount "85"]
[EventDate "2022.07.12"]
[EventType "swiss"]
[EventRounds "7"]
[EventCountry "GRE"]
[SourceTitle "Youth Database"]
[Source "CBase R.Goldau"]
[SourceDate "2000.03.01"]
[SourceVersion "1"]
[SourceVersionDate "2022.07.18"]
[SourceQuality "1"]
[WhiteTeam "Israel"]
[BlackTeam "Griechenland"]
[WhiteTeamCountry "ISR"]
[BlackTeamCountry "GRE"]

1. e4 e5 2. Nf3 Nc6 3. Bb5 a6 4. Ba4 d6 5. c3 Bd7 6. d4 g6 7. O-O Bg7 8. Re1 b5
9. Bc2 Nf6 10. Be3 O-O 11. h3 Re8 12. Nbd2 Qc8 13. dxe5 Nxe5 14. Nxe5 dxe5 15.
Nb3 Bc6 16. Qf3 a5 17. Nc5 a4 18. b4 Nd7 19. a3 Nxc5 20. Bxc5 Qe6 21. Qe2 Bf8
22. Bxf8 Rxf8 23. Bd3 Rab8 24. c4 bxc4 25. Bxc4 Qf6 26. Rac1 Rbd8 27. Qf3 Qxf3
28. gxf3 Rd6 29. Bf1 Rb8 30. Rc5 f6 31. Rec1 Rb6 32. h4 h5 33. b5 Bd7 34. Rxc7
Kf8 35. Ra7 Ke8 36. Kg2 Bxb5 37. Bxb5+ Rxb5 38. Rcc7 Kd8 39. Rg7 Kc8 40. Ra8+
Rb8 41. Rg8+ Rd8 42. Rxd8+ Kxd8 43. Rxb8+ 1-0